000 00307nam a2200133Ia 4500
100 _aKirillin/ V. A. and others
942 _cBK
654 _aThermodynamics
245 _aEngineering thermodynamics
260 _bMir Publishers
_aMoscow
_c1976
082 _a621.4021
300 _a560
546 _aENGLISH
999 _c29807
_d29807